| Tag |
First Indicator |
Second Indicator |
Subfields |
| LEADER |
00000cam a22000001 4500 |
| 001 |
in00000614913 |
| 005 |
20151015050851.0 |
| 008 |
780705s1951 nyub b 00100 eng |
| 010 |
|
|
|a 51009597
|
| 035 |
|
|
|a (OCoLC)00546759
|
| 035 |
|
|
|9 ACT2826AM
|
| 040 |
|
|
|a DLC
|c DLC
|d TXA
|d UtOrBLW
|
| 043 |
|
|
|a n------
|
| 049 |
|
|
|a TXAM
|c [401020]
|
| 050 |
0 |
0 |
|a E18
|b .F6
|
| 082 |
0 |
|
|a 970
|
| 100 |
1 |
|
|a Foster, William Z.,
|d 1881-1961.
|
| 245 |
1 |
0 |
|a Outline political history of the Americas.
|
| 264 |
|
1 |
|a New York :
|b International Publishers,
|c [1951]
|
| 264 |
|
4 |
|c [©1951]
|
| 300 |
|
|
|a 668 pages :
|b maps. ;
|c 23 cm.
|
| 336 |
|
|
|a text
|b txt
|2 rdacontent
|
| 337 |
|
|
|a unmediated
|b n
|2 rdamedia
|
| 338 |
|
|
|a volume
|b nc
|2 rdacarrier
|
| 504 |
|
|
|a Bibliography: pages 627-646.
|
| 651 |
|
0 |
|a America
|x History.
|
| 999 |
|
|
|a MARS
|
| 999 |
f |
f |
|s cd9d989a-a604-3706-9b97-e8101dc1833f
|i 3ba57fd6-9326-33a3-b6bf-e2ff0d308210
|t 0
|
| 952 |
f |
f |
|p ric
|a Texas A&M University
|b Rellis Campus
|c Joint Library Facility
|d Remote Storage
|t 0
|e E18 .F6
|h Library of Congress classification
|i unmediated -- volume
|m A14802113733
|
| 998 |
f |
f |
|a E18 .F6
|t 0
|l Remote Storage
|